000
00397nam a2200145Ia 4500
008
090124s9999 xx 000 0 und d
082
_b
34500
245
_a
डोळस भटकंती
250
_a
1
260
_b
घाणेकर प्र.के.
_c
2008
300
_a
222
630
_a
डोळस भटकंती
730
_a
डोळस भटकंती
942
_c
BOOK
999
_c
200432
_d
200432